000 00840nam a2200277Ia 4500
001 Para_8530
003 CHAP
008 220125s9999 xx 000 0 und d
010 _a207341
040 _cCHAP
082 _aPA-C 595.752 A6
100 _aGillette, C. P.
_9169050
245 _aNew Colorado Lachnini /
_c by C.P. Gillette and M. A. Palmer
300 _a44 p.
440 _aAphidae; 20
_9173921
500 _aSobretiro de: Annals Entomological Society of America, 17: (1) 1-44, 1924. Encuadernado con otros impresos similares
650 _a
_x Afididos
_x Colecciones de escritos
_x Lachnus
_9173604
700 _aPalmer, M.A.
901 _aPA-C 595.752 A6
902 _aA
905 _a000000 0000000000 00
910 _a
942 _cPARA
942 _cPARA
_d1
999 _c207341
_d207341